Представление документа в формате MARC21

Поле Инд. ПП Название Значение
Тип записи a
Библиографический уровень m
001 Контрольный номер 58dc81d2-f56c-4992-a2bf-f340d6767880
005 Дата корректировки 20140226162831.6
008 Кодируемые данные 010420 d
020 a ISBN 5-03-001042-4 (в пер.)
c Цена, тираж 3.00
040 a Служба первич. каталог. RU-RKP
040 a Служба первич. каталог. НБ ТвГУ
041 a Код языка текста rus
080 a Индекс УДК 512.643
084 a Индекс другой классификации/Индекс ББК В143
090 x Авторский знак Х79
a Полочн. индекс В143
100 1_ a Автор Хорн Роджер
245 00 a Заглавие Матричный анализ
c Ответственность Р. Хорн, Ч. Джонсон; Пер. с англ. Х. Д. Икрамова и др.; Под ред. Х. Д. Икрамова
260 0_ a Место издания Москва
b Издательство Мир
c Дата издания 1989
300 a Объем 655 с.
c Размеры 23 см
500 a Примечание Перевод изд.: Matrix analysis / Roger A. Horn, Charles R. Johnson (Cambridge etc.).
504 a Библиография Библиогр.: с. 638-640. - Предм. указ.: с. 643-652.
650 a Основная рубрика Матрицы (мат.)
x Основная подрубрика Теория
650 a Основная рубрика Алгебра
653 a Ключевые слова Матрицы
a Ключевые слова Матричный анализ
a Ключевые слова Теория матриц
700 1_ a Другие авторы Джонсон Чарльз
700 1_ a Другие авторы Икрамов Х. Д.
e Роль лиц пер.
852 t Порядковый номер экземпляра 5
p Инвентарный номер 596746
p Инвентарный номер 596747
p Инвентарный номер 596748
p Инвентарный номер 596749
p Инвентарный номер 596750
852 t Порядковый номер экземпляра 2
p Инвентарный номер 596751
p Инвентарный номер 596752
954 a Дата поступления на обработку 20001017
999 a Подразделение 2 Фил3
a Подразделение 2 ч.з.